<?xml version="1.0" encoding="UTF-8"?>
<collection xmlns="http://www.loc.gov/MARC21/slim">
 <record>
  <leader>00521nam a22001695a 4500</leader>
  <controlfield tag="001">EHU.bham005708</controlfield>
  <controlfield tag="003">AR-BHAM</controlfield>
  <controlfield tag="005">20090430111044.0</controlfield>
  <controlfield tag="008">130507s1953##################000#0#####d</controlfield>
  <datafield tag="082" ind1="7" ind2="0">
   <subfield code="a">701</subfield>
  </datafield>
  <datafield tag="100" ind1="1" ind2=" ">
   <subfield code="a">Lodge, Rupert C.</subfield>
  </datafield>
  <datafield tag="245" ind1="1" ind2="0">
   <subfield code="a">Plato's theory of art /</subfield>
   <subfield code="c">Rupert C. Lodge.</subfield>
  </datafield>
  <datafield tag="260" ind1=" " ind2=" ">
   <subfield code="a">New York :</subfield>
   <subfield code="b">Russell &amp; Russell,</subfield>
   <subfield code="c">1953</subfield>
  </datafield>
  <datafield tag="300" ind1=" " ind2=" ">
   <subfield code="a">316 p.</subfield>
  </datafield>
  <datafield tag="653" ind1=" " ind2=" ">
   <subfield code="a">Arte-filosofia del</subfield>
  </datafield>
  <datafield tag="653" ind1=" " ind2=" ">
   <subfield code="a">Libro de escasa demanda</subfield>
  </datafield>
  <datafield tag="859" ind1=" " ind2=" ">
   <subfield code="a">AR-BHAM</subfield>
   <subfield code="b">BIB. HUMANIDADES - Lectura de escasa demanda</subfield>
   <subfield code="h">701</subfield>
   <subfield code="i">L821</subfield>
   <subfield code="p">483.82</subfield>
   <subfield code="t">Ej.1</subfield>
   <subfield code="v">LED1118</subfield>
  </datafield>
 </record>
</collection>
